|
|
|
|
| LEADER |
01951nam a2200493 a 4500 |
| 001 |
nkc20132535461 |
| 003 |
CZ PrNK |
| 005 |
20140123070947.0 |
| 007 |
ta |
| 008 |
131213s2013 xr ac e c 000 0dcze |
| 020 |
|
|
|a 978-80-85112-77-1
|q (brož.)
|
| 040 |
|
|
|a OLA001
|b cze
|
| 043 |
|
|
|a e-xr---
|
| 045 |
|
|
|a x4x7
|
| 072 |
|
7 |
|a 77
|x Fotografie. Fotografické postupy
|2 Konspekt
|9 21
|
| 080 |
|
|
|a 77.04
|2 MRF
|
| 080 |
|
|
|a 77.065
|2 MRF
|
| 080 |
|
|
|a (437.3)
|2 MRF
|
| 080 |
|
|
|a (083.824)
|2 MRF
|
| 100 |
1 |
|
|a Toman, Jiří,
|d 1924-1972
|7 jk01132604
|4 pht
|
| 245 |
1 |
0 |
|a Jiří Toman :
|b fotografie /
|c [ed. Vít Bouček ; texty Vít Bouček, Vlastimil Šebek]
|
| 246 |
3 |
0 |
|a Fotografie - Jiří Toman
|
| 260 |
|
|
|a V Pardubicích :
|b Východočeská galerie,
|c 2013
|
| 300 |
|
|
|a 99 s. :
|b il., portréty ;
|c 23 x 24 cm
|
| 500 |
|
|
|a 450 výt.
|
| 500 |
|
|
|a Vydáno k výstavě pořádané Východočeskou galerií v Pardubicích od 4.12.2013 do 16.3.2014
|
| 500 |
|
|
|a Životopisná data, přehled výstav
|
| 504 |
|
|
|a Obsahuje bibliografii
|
| 600 |
1 |
7 |
|a Toman, Jiří,
|d 1924-1972
|7 jk01132604
|2 czenas
|
| 648 |
|
7 |
|a 20. století
|7 ch460558
|2 czenas
|
| 650 |
0 |
7 |
|a umělecká fotografie
|7 ph126879
|z Česko
|y 20. století
|2 czenas
|
| 650 |
0 |
7 |
|a černobílá fotografie
|7 ph166376
|z Česko
|y 20. století
|2 czenas
|
| 650 |
0 |
9 |
|a artistic photography
|z Czechia
|y 20th century
|2 eczenas
|
| 650 |
0 |
9 |
|a black-and-white photography
|z Czechia
|y 20th century
|2 eczenas
|
| 655 |
|
7 |
|a katalogy výstav
|7 fd132536
|2 czenas
|
| 655 |
|
9 |
|a exhibition catalogs
|2 eczenas
|
| 700 |
1 |
|
|a Bouček, Vít,
|d 1950-
|7 jn20010602803
|4 wfw
|4 edt
|
| 700 |
1 |
|
|a Šebek, Vlastimil,
|d 1932-
|7 pag2009527745
|4 wfw
|
| 710 |
2 |
|
|a Východočeská galerie (Pardubice, Česko)
|7 kn20020322239
|
| 910 |
2 |
|
|a BOA001
|b 2-1315.478
|
| 990 |
|
|
|a BK
|
| 995 |
|
|
|a 11
|
| 991 |
|
|
|b 201401
|c NOV
|e n
|
| 996 |
6 |
|
|b 2610574175
|c 2-1315.478
|l MZK
|r Sklad / do 1 hodiny
|n 1
|p p.v.
|w 001389457
|u 000010
|a 1
|e BOA001
|j MZK50
|s P
|